000 00278nam a22001337a 4500
008 181017b xxu||||| |||| 00| 0 eng d
020 _a9780077238933
041 _aeng
080 _a510
100 _a36
101 _aMAT
245 _aPrealgebra
_cMiller.O
942 _2udc
_cBK
999 _c50009
_d50009